'O' Pictures by Category Quiz Stats

 Plays Quiz Updated Feb 10, 2015

Challenge
Share
Tweet
Score 0/25 Timer 04:00
7 Plays Today
% Correct
Orange
98.9%
Onion
96%
Owl
93.1%
Olive
93%
Oreos
91.7%
Open
89.7%
Otter
89%
Operate
88.6%
Oatmeal
88.2%
Orca
86.6%
Opera singer
84.2%
Ox
84%
Orangutan
83.7%
% Correct
Order
83.2%
Orbit
78.9%
Orthodontist
78.3%
Ozzy Osbourne
77.8%
Ooze
76.7%
Optometrist
75.9%
Conan O'Brien
72.9%
Operator
68.9%
Yoko Ono
68.1%
Ashley Olsen
64.1%
Sandra Oh
49.7%
Oceanographer
36.9%

You're not logged in!

Compare scores with friends on all Sporcle quizzes.
OR
Log In

You Might Also Like...

Show Comments

Extras

Top Quizzes Today


Score Distribution

Your Account Isn't Verified!

In order to create a playlist on Sporcle, you need to verify the email address you used during registration. Go to your Sporcle Settings to finish the process.

Report this User

Report this user for behavior that violates our Community Guidelines.

Details: